Joueurs du Real Madrid (2009-2010) - Statistiques

Statistiques générales
  • Ce quiz a été pris 110 fois
  • Le résultat moyen est 13 sur 32
Statistiques - réponses
Hint Réponse % Correct
Gardien - Espagne Iker Casillas
96%
Def central - Espagne Sergio Ramos
94%
Attaquant - Portugal Cristiano Ronaldo
92%
Def central - Portugal Pepe
86%
Attaquant - France Karim Benzema
84%
Latéral gauche - Brésil Marcelo
77%
Milieu défensif - France Lassana Diarra
65%
Milieu offensif - Brésil Kaka
64%
Attaquant - Argentine Gonzalo Higuaín
62%
Milieu défensif - Mali Mahamadou Diarra
60%
Attaquant - Espagne Raul
55%
Latéral droit - Espagne Alvaro Arbeloa
54%
Milieu défensif - Espagne Xavi Alonso
53%
Latéral gauche - Espagne Marcos Alonso
49%
Milieu relayeur - Espagne Guti
39%
Gardien - Pologne Jerzy Dudek
39%
Def central - Espagne Raul Albiol
34%
Milieu offensif - Pays-Bas Rafael van der Vaart
29%
Attaquant - Pays-Bas Ruud van Nistelrooy
29%
Milieu défensif - Argentine Fernando Gago
21%
Def central - Argentine Ezequiel Garay
18%
Milieu relayeur - Pays-Bas Roystone Drenthe
14%
Gardien - Espagne Antonio Adan
11%
Def central - Allemagne Christoph Metzelder
11%
Milieu relayeur - Espagne Esteban Granero
7%
Milieu relayeur - Espagne Ruben De la Red
6%
Def central - Espagne David Mateos
2%
Latéral droit - Espagne Raul Ruiz
2%
Attaquant - Paraguay Javi Acuna
1%
Milieu relayeur - Espagne Pedro Mosquera
1%
Attaquant - Espagne Rodrigo
1%
Latéral droit - Espagne Juanfran Moreno
0%
Aucun quiz correspondant
Distribution des résultats
% des personnes avec chaque résultat
Percentile par nombre de réponses
Votre historique - résultats
Vous n’avez pas pris ce quiz